000 05061cam a22004578i 4500
005 20260322212013.0
008 data
010 _a 2013024039
020 _a9780345526113 (hardback)
020 _z9780345526137 (ebook)
020 _a0345526112
040 _aDLC
_beng
_cDLC
_erda
_dDLC
042 _apcc
043 _an-us---
050 0 0 _aPN1982.H46
_bJ66 2013
082 0 0 _aB
_aB
_223
084 _aSOC022000
_aSOC022000
_2bisacsh
099 _aHENSOJ
100 1 _aJones, Brian Jay.
245 1 0 _aJim Henson :
_bthe biography /
_cBrian Jay Jones.
260 _aNew York :
_bBallantine Books,
_c2013.
263 _a1111
300 _ap. cm.
336 _atext
_2rdacontent
337 _aunmediated
_2rdamedia
338 _avolume
_2rdacarrier
504 _aIncludes bibliographical references and index.
520 _a"For the first time ever--a comprehensive biography of one of the twentieth century's most innovative creative artists: the incomparable, irreplaceable Jim Henson. He was a gentle dreamer whose genial bearded visage was recognized around the world, but most people got to know him only through the iconic characters he created: Kermit the Frog, Bert and Ernie, Miss Piggy, Big Bird. The Muppets made Jim Henson a household name, but they were just part of his remarkable story. This extraordinary biography--written with the generous cooperation of the Henson family--covers the full arc of Henson's all-too-brief life: from his childhood in Leland, Mississippi; through the years of burgeoning fame in Washington D.C., New York, and London; to the decade of international celebrity that preceded his untimely death at age fifty-three. Drawing on hundreds of hours of new interviews with Henson's family, friends, and closest collaborators, as well as unprecedented access to private family and company archives (including never-before-seen interviews, business documents, and Henson's private letters), Brian Jay Jones explores the creation of the Muppets, Henson's contributions to Sesame Street and Saturday Night Live, and his nearly ten-year campaign to bring The Muppet Show to television. Jones provides the imaginative context for Henson's non-Muppet projects, including the richly imagined worlds of The Dark Crystal and Labyrinth--as well as fascinating misfires like Henson's dream of opening an inflatable psychedelic nightclub or staging an elaborate all-puppet Broadway show. An uncommonly intimate portrait, Jim Henson captures all the facets of this American original: the master craftsman who revolutionized the presentation of puppets on television, the savvy businessman whose dealmaking prowess won him a reputation as "the new Walt Disney," and the creative team leader whose collaborative ethos earned him the undying loyalty of everyone who worked for him. Here also is insight into Henson's intensely private personal life: his Christian Science upbringing; his love of fast cars, high-stakes gambling, and expensive art; and his weakness for women. Though an optimist by nature, Henson was haunted by the notion that he would not have time to do all the things he wanted to do in life--a fear that his heartbreaking final hours would prove all too well founded. An up-close look at the charmed life of a legend, Jim Henson gives the full measure to a man whose joyful genius transcended age, language, geography, and culture--and continues to beguile audiences worldwide. Advance praise for Jim Henson "I'm a rabid Jim Henson fan--his brilliant ideas spawned shows that entertained and educated millions, myself included. Jim Henson vibrantly delves into the magnificent man and his Muppet methods. It's an absolute must read!"--Neil Patrick Harris "Every Muppet fan has wondered who was behind the wide-mouthed, bug-eyed, furry creatures. Before now all we had was a credit line: Jim Henson. Now, with Brian Jay Jones's riveting Jim Henson, we have a nuanced portrait of the puppeteer--part genius inspired by his Mississippi Delta roots and his Christian Science faith, part flawed human with tastes too rich in everything from his art and cars to his women--that brings new understanding of and empathy for an icon of American popular culture."--Larry Tye, author of Satchel and Superman"--
_cProvided by publisher.
600 1 0 _aHenson, Jim.
630 0 0 _aMuppet show (Television program)
630 0 0 _aSesame Street (Television program)
650 0 _aPuppeteers
_zUnited States
_vBiography.
650 0 _aTelevision producers and directors
_zUnited States
_vBiography.
650 7 _aBIOGRAPHY & AUTOBIOGRAPHY / Entertainment & Performing Arts.
_2bisacsh
650 7 _aSOCIAL SCIENCE / Popular Culture.
_2bisacsh
906 _a0
_bvip
_corignew
_d1
_eecip
_f20
_gy-gencatlg
925 0 _aacquire
_b2 shelf copies
_xpolicy default
955 _wrd14 2013-06-17
963 _aPaul Gilbert; phone: 212-782-8315; email: [email protected]; bc: [email protected]
001 data
999 _c273
_d273